000 01049nam a22001817a 4500
003 OSt
005 20251121154953.0
008 251121b |||||||| |||| 00| 0 eng d
040 _cDCL
082 _a၂၉၄.၃၈၂၃၂၃
130 _aတိပိဋက။
_pသုတ္တန္တပိဋက။
_pမဇ္ဈိမနိကာယ။
_tဥပရိပဏ္ဏာသ၊
_lအဋ္ဌကထာ၊
_sနိဿယ။
245 _aဥပရိပဏ္ဏာသအဋ္ဌကထာနိဿယ ၊
_nပထမတွဲ /
_cအသျှင်စာဂရမထေရ်။
264 _aမန္တလေး ၊
_bမန္တလေးတောင်ပိဋကတ်တော် စာပုံနှိပ်တိုက်၊
_c၁၉၉၁။
300 _a၃၈၉ စာမျက်နှာ ၊
_c၂၆ စင်တီ။
650 _aဥပရိပဏ္ဏာသ
_vအဋ္ဌကထာ နိဿယ။
700 _aစာဂရမထေရ်၊ အသျှင်
942 _2ddc
_cSHORT TERM
_n0
999 _c2586
_d2586